000 00938nam a2200253 a 4500
001 000012931
003 DO-SdBNP
005 20240927073747.0
008 091118s1954 es 001 0 spa d
040 _aDO-SdBNP
_bspa
_cBNPHU
082 _a808.1
_bB171a
100 1 _a Balaguer, Joaquín,
_d1906-2002
_976556
245 1 0 _aApuntes para una historia prosódica de la métrica castellana /
_cJoaquín Balaguer.
260 _aMadrid :
_bConsejo Superior de Investigación Científicas,
_c1954.
300 _a265 p. ;
_c25 cm.
490 1 _aAnejos de revista de literatura
_v13
500 _aIncluye datos biográficos del autor en la solapa
500 _aIncluye referencias bibliográficas y notas al pie de las páginas
590 _aInventariado, 2019/DG
650 1 4 _aEspañol
_xVersificación
_921815
830 0 _aAnejos de revista de literatura
_v13
_915426
910 _aValidado. Control de calidad MFF
942 _2ddc
_cLBS1
999 _c12579
_d12579